000 00499nam a22001815i 4500
001 48163
003 ES-MaACL
005 20230906161714.0
007 t|
008 950707s1861 fr ||||1| fre d
040 _aCAM
_bspa
_cCAM
100 1 _aChapus, Eugène.
_938050
245 1 0 _aManuel de l'homme et de la femme comme il faut /
_cEugène Chapus.
250 _a4e éd.
260 _aParis :
_bLibrairie Nouvelle,
_c1861.
300 _a[4], V, 145 p. ;
_c17 cm.
852 _aES-MaACL
_jD-2222
999 _c48163
_d48163